| 000 | 01679nam a2200397Ia 4500 | ||
|---|---|---|---|
| 001 | ebr5004908 | ||
| 003 | CaPaEBR | ||
| 006 | m u | ||
| 007 | cr cn||||||||| | ||
| 008 | 970619s1997 mau sb 001 0 eng d | ||
| 010 | _z 97025736 | ||
| 020 | _z9780674689732 | ||
| 020 | _z9780674028890 | ||
| 020 | _z0674689739 | ||
| 040 |
_aCaPaEBR _cCaPaEBR |
||
| 035 | _a(OCoLC)50096039 | ||
| 050 | 1 | 4 |
_aBX2347.8.P66 _bB76 1997eb |
| 082 | 0 | 4 |
_a361.7/5/08822 _221 |
| 100 | 1 |
_aBrown, Dorothy M. _q(Dorothy Marie), _d1932- |
|
| 245 | 1 | 4 |
_aThe poor belong to us _h[electronic resource] : _bCatholic charities and American welfare / _cDorothy M. Brown, Elizabeth McKeown. |
| 260 |
_aCambridge, MA. : _bHarvard University Press, _c1997. |
||
| 300 | _aviii, 284 p. | ||
| 504 | _aIncludes bibliographical references (p. [199]-200) and index. | ||
| 533 |
_aElectronic reproduction. _bPalo Alto, Calif. : _cebrary, _d2011. _nAvailable via World Wide Web. _nAccess may be limited to ebrary affiliated libraries. |
||
| 610 | 2 | 0 |
_aCatholic Church _zUnited States _xCharities _xHistory. |
| 650 | 0 |
_aChurch work with the poor _zUnited States _xHistory. |
|
| 650 | 0 |
_aChurch work with the poor _xCatholic Church _xHistory. |
|
| 650 | 0 |
_aPublic welfare _zUnited States _xHistory. |
|
| 651 | 0 |
_aUnited States _xChurch history _y19th century. |
|
| 651 | 0 |
_aUnited States _xChurch history _y20th century. |
|
| 651 | 0 |
_aUnited States _xSocial conditions. |
|
| 655 | 7 |
_aElectronic books. _2local |
|
| 700 | 1 | _aMcKeown, Elizabeth. | |
| 710 | 2 | _aebrary, Inc. | |
| 856 | 4 | 0 |
_uhttp://site.ebrary.com/lib/rucke/Doc?id=5004908 _zAn electronic book accessible through the World Wide Web; click to view |
| 999 |
_c1431 _d1431 |
||